|
|
|
|
| LEADER |
00000cam a2200000 7i4500 |
| 001 |
0000020480 |
| 005 |
20071024.0 |
| 020 |
|
|
|a 9780071476843
|
| 040 |
|
|
|a INS
|
| 090 |
0 |
0 |
|a HD1382.5
|b B76 2007
|
| 100 |
1 |
|
|a Bromma, Lisa Moren
|
| 245 |
1 |
0 |
|a Wise women invest in real estate :
|b achieve financial independence and live the lifestyle of your dreams
|c Lisa Moren Bromma
|
| 260 |
|
|
|a New York :
|b McGraw Hill ,
|c 2007
|
| 300 |
|
|
|a xiv, 340p. ;
|c 23cm.
|
| 500 |
|
|
|a Includes index
|
| 650 |
0 |
0 |
|a Real estate investment
|
| 650 |
0 |
0 |
|a Real estate management
|
| 650 |
0 |
0 |
|a Women capitalists and financiers
|
| 650 |
0 |
0 |
|a Women real estate agents
|
| 999 |
|
|
|a 0000019267
|b BOOK
|c Open Shelf
|e Default branch
|